Slovenská republika a jej vzťahy k Svätej stolici (1939-1940)

Bibliographic Details
Main Author: Ďurica, Milan S., 1925-2024 (Author)
Format: Book
Language:Slovak
PhysicalDescription:90 s. fotogr. 17 cm
Published: Bratislava Lúč 2007
ISBN:9788071146513
Edition:1. vyd.
Series:Linea recta brevissima = Priamo najbližšie k pravde
Subjects:

MARC

LEADER 00000nam a2200000 a 4500
001 vtls009293109
003 SK-MaSNL
005 20260425225712.0
008 251029s2007 xo o f 000 0dslo
015 |a SNBA2008/05-02341 
020 |a 9788071146513  |q (brož.) 
035 |a D06780F9-D3CC-4DC5-BA36-7BF1007FCE5B 
035 |a urn:nbn:sk:snk-amjevj 
035 |a urn:nbn:sk:snk-am0010ys 
040 |a SNK  |b slo  |c SNK  |e AACR2 
041 0 |a slo 
043 |a e-xo---  |a e-vc--- 
044 |a xo  |c SK 
072 7 |a 327  |x Medzinárodné vzťahy, svetová politika  |2 konspekt 
080 |a 327  |2 2001 
080 |a 341.76  |2 2001 
080 |a (091)  |2 2001 
080 |a (437.6)  |2 2001 
080 |a (456.31)  |2 2001 
100 1 |a Ďurica, Milan S.,  |d 1925-2024  |4 aut  |9 93495 
245 1 0 |a Slovenská republika a jej vzťahy k Svätej stolici  |b (1939-1940)  |c Milan S. Ďurica 
250 |a 1. vyd. 
260 |a Bratislava  |b Lúč  |c 2007 
300 |a 90 s.  |b fotogr.  |c 17 cm 
490 1 |a Linea recta brevissima = Priamo najbližšie k pravde  |v 8 
500 |a Pozn. 
504 |a Bibliogr. s. 81-90 
648 7 |a 1939-1940  |2 SNKPH  |9 322014 
650 0 7 |a medzinárodné vzťahy  |2 SNKPH  |9 3690 
650 0 7 |a diplomatické vzťahy  |2 SNKPH  |9 3831 
650 0 7 |a dejiny  |2 SNKPH  |9 3825 
651 7 |a Slovensko  |2 SNKPH  |9 14231 
651 7 |a Vatikán  |2 SNKPH  |9 31476 
830 0 |a Linea recta brevissima = Priamo najbližšie k pravde  |9 405217 
919 |a 978-80-7114-651-3 
958 |a NB 
958 |a NT 
958 |a OS 
968 |d 32 
999 |c 656384  |d 658314 
952 |a SNK  |b SNK  |y PREZ  |7 0  |p 17A0587654  |o snkSD 77387  |i snk2008/10133  |8 0  |0 0  |1 0  |4 0  |d 2008-05-12  |l 0  |r 2025-11-25 00:00:00  |w 2026-02-23 
952 |a SNK  |b SNK  |y VYP  |7 0  |p 17A0587655  |o snkSD 77387 D1  |i snk2008/10134  |8 0  |0 0  |1 0  |4 0  |d 2008-05-12  |l 0  |r 2017-06-30 00:00:00  |w 2026-02-23